Les 15 films les plus rentables de l'histoire - Statistiques

Statistiques générales
  • Ce quiz a été pris 62 fois
  • Le résultat moyen est 6 sur 15
Statistiques - réponses
Hint Réponse % Correct
2,92 milliards $ Avatar
89%
2,32 milliards $ Avatar
89%
2,26 milliards $ Titanic
89%
2,79 milliards $ Avengers
64%
2,05 milliards $ Avengers
64%
1,52 milliard $ Avengers
64%
1,92 milliard $ Spider-man
38%
1,51 milliard $ Fast and Furious
19%
1,45 milliard $ La reine des neiges
13%
1,44 milliard $ Barbie
11%
2,07 milliards $ Stars wars
8%
1,67 milliard $ Jurassic World
6%
1,36 milliard $ Mario bros
2%
1,66 milliard $ The lion king
2%
1,49 milliard $ Top gun Maverick
0%
Aucun quiz correspondant
Distribution des résultats
% des personnes avec chaque résultat
Percentile par nombre de réponses
Votre historique - résultats
Vous n’avez pas pris ce quiz